Pilotos de F1 década 2010s - Estadísticas

Estadísticas generales
  • Esta prueba ha sido intentada 98 veces
  • La puntuación promedio es 36 de 66
Estadísticas de respuestas
Temporadas Nacionalidad Piloto % Correcto
2001, 2003 - 2018, 2021 - Act. España Fernando Alonso
99%
2007 - Act. Reino Unido Lewis Hamilton
99%
2015 - Act. España Carlos Sainz Jr.
93%
2007 - 2022 Alemania Sebastian Vettel
91%
2011 - 2024, 2025 - Act. Mexico Sergio Pérez
88%
2015 - Act. Países Bajos Max Verstappen
85%
1991 - 2006, 2010 - 2012 Alemania Michael Schumacher
84%
2006 - 2016 Alemania Nico Rosberg
84%
2018 - Act. Mónaco Charles Leclerc
82%
2002, 2004 - 2017 Brasil Felipe Massa
82%
2002 - 2013 Australia Mark Webber
82%
2001 - 2009, 2012 - 2021 Finlandia Kimi Räikkönen
79%
2010, 2012 - 2020, 2022 - Act. Alemania Nico Hülkenberg
79%
2011 - 2024 Australia Daniel Ricciardo
78%
2017 - Act. Canadá Lance Stroll
78%
2017 - Act. Francia Pierre Gasly
78%
2019 - 2020, 2022 - Act. Tailandia Alexander Albon
76%
2019 - Act. Reino Unido Lando Norris
76%
1999 - 2002, 2005 - 2006, 2010 - 2012 España Pedro de la Rosa
76%
2006 - 2010, 2019, 2021 Polonia Robert Kubica
76%
2016 - 2018, 2020 - Act. Francia Esteban Ocon
75%
2000 - 2017 Reino Unido Jenson Button
75%
2013 - 2024, 2025-Act. Finlandia Valtteri Bottas
75%
1993 - 2011 Brasil Rubens Barrichello
69%
2011 - 2015 Venezuela Pastor Maldonado
66%
2010 - 2012 Brasil Bruno Senna
62%
2019 - Act. Reino Unido George Rusell
62%
2009 - 2011 España Jaime Alguersuari
62%
2014 - 2020, 2022 - 2024 Dinamarca Kevin Magnussen
60%
2014 - 2017, 2019 - 2020 Rusia Daniil Kvyat
59%
2017, 2019 - 2021 Italia Antonio Giovinazzi
57%
2009 - 2012, 2014 Japón Kamui Kobayashi
57%
2009, 2012 - 2020 Francia Romain Grosjean
57%
2007 - 2013 Finlandia Heikki Kovalainen
50%
2010 - 2012 Rusia Vitaly Petrov
50%
2007 - 2011, 2013 - 2014 Alemania Adrian Sutil
49%
1997 - 2011 Italia Jarno Trulli
49%
2013 -2014, 2016 Mexico Esteban Gutiérrez
47%
2014 - 2018 Suecia Marcus Ericsson
46%
2005, 2011 - 2012 India Narain Karthikeyan
43%
2009 - 2011 Suiza Sébastien Buemi
43%
2016 - 2018 Bélgica Stoffel Vandoorne
41%
2013 - 2014 Francia Jules Bianchi
40%
2018 Rusia Sergey Sirotkin
37%
2004, 2008 - 2012 Alemania Timo Glock
37%
2005 - 2007, 2009 - 2011 Italia Vitantonio Liuzzi
35%
2017 - 2018 Nueva Zelanda Brendon Hartley
34%
2012 - 2014 Francia Jean-Éric Vergne
34%
2016 - 2017 Reino Unido Jolyon Palmer
34%
2011 - 2013, 2017 Reino Unido Paul di Resta
34%
2015 España Roberto Merhi
34%
2012 - 2013 Francia Charles Pic
31%
2015 - 2016 Brasil Felipe Nasr
31%
2000 - 2011 Alemania Nick Heidfeld
29%
2016 Indonesia Ryo Haryanto
29%
2015 Estados Unidos Alexander Rossi
28%
2016 - 2017 Alemania Pascal Wehrlein
26%
2010 - 2011 India Karun Chandhok
25%
2004 - 2006, 2010 Austria Christian Klien
24%
2013 Países Bajos Giedo van der Garde
22%
2013 - 2014 Reino Unido Max Chilton
22%
2014 - 2015 Reino Unido Will Stevens
21%
2011 - 2012 Bélgica Jérôme D'Ambrosio
19%
2010 Brasil Lucas di Grassi
19%
2014 Alemania André Lotterer
18%
2006 - 2007, 2010 Japón Sakon Yamamoto
18%
No se encontraron pruebas coincidentes
Distribución de puntuación
Porcentaje de gente con cada puntuación
Porcentaje por número respondido
Historial de tus puntuaciones
No has intentado esta prueba.